Konverzia poľnohospodárskeho areálu v regióne Orava

Enregistré dans:
Détails bibliographiques
Auteur principal: Hazucha, Matúš (Auteur)
Autres auteurs: Bránický, Filip (Directeur de thèse)
Format: Manuscrit Livre
Langue:slovaque
Publié: 2025
Sujets:
Accès en ligne:http://is.stuba.sk/zp/portal_zp.pl?podrobnosti=177662
CRZP
Tags: Ajouter un tag
Pas de tags, Soyez le premier à ajouter un tag!

MARC

LEADER 00000ntm a22000003a 4500
001 stuzp104914
003 SK-STU
005 20250724104947.9
007 ta
008 150427s2015----xo-----f-mn---000-0-slo-d
040 |a STU  |b slo 
041 0 |a slo 
100 1 |a Hazucha, Matúš  |u 010310  |4 aut  |U SvF Stavebná fakulta  |T SvF Katedra architektúry  |X 98303  |U V181|V310  |Y 19  |7 98303 
242 0 1 |a Conversion of the agricultural area in the Orava region  |y eng 
245 1 0 |a Konverzia poľnohospodárskeho areálu v regióne Orava 
260 |c 2025 
650 4 |a conversion  |2 eng 
650 4 |a microbiological corrosion  |2 eng 
650 4 |a JRD  |2 eng 
650 4 |a agricultural cooperative  |2 eng 
650 4 |a konverzia  |2 slo 
650 4 |a mikrobiologická korózia  |2 slo 
650 4 |a JRD  |2 slo 
650 4 |a poľnohospodárske družstvo  |2 slo 
700 1 |a Bránický, Filip  |u 010310  |k Z1  |4 ths  |U SvF Stavebná fakulta  |T SvF Katedra architektúry  |X 49264  |U V181|V310  |Y 19  |7 A000049264 
856 4 |u http://is.stuba.sk/zp/portal_zp.pl?podrobnosti=177662 
856 4 |u https://opac.crzp.sk/?fn=detailBiblioForm&sid=809C367C54749DCAA440ADFF7E5A  |z CRZP